Chopin a George Sand : nebola to láska na prvý pohľad /
Uložené v:
| Hlavný autor: | |
|---|---|
| Ďalší autori: | |
| Médium: | Kniha |
| Jazyk: | Slovak Polish |
| Vydané: |
Bratislava :
Ikar,
2012.
|
| Vydanie: | 1. vyd. |
| Témy: | |
| ISBN: |
9788055131054 (viaz.) |
| Fyzický popis: |
183 s. ; 20 cm. |
| Tagy: |
Pridať tag
Žiadne tagy, Buďte prvý kto otaguje tento záznam!
|
Titul je dostupný aj v ... 

MARC
| LEADER | 00000nam a2200000 a 4500 | ||
|---|---|---|---|
| 001 | 000413613 | ||
| 005 | 20130520105520.0 | ||
| 008 | 121129s2012 xo e 000 fcslo d | ||
| 020 | |a 9788055131054 (viaz.) | ||
| 040 | |a SVKKK |b slo |c SVKKK |e AACR2 | ||
| 041 | 1 | |a slo |h pol | |
| 043 | |a e-pl--- |a e-fr--- | ||
| 044 | |a xo |c SK | ||
| 072 | 7 | |a 821.162.1 |x Poľská literatúra |2 konspekt | |
| 072 | 7 | |a 929 |x Biografie |2 konspekt | |
| 080 | |a 929 |2 2001 | ||
| 080 | |a 821.162.1-31 |2 2001 | ||
| 080 | |a 78.071.1 |2 2001 | ||
| 080 | |a 821.133.1-055.2 |2 2001 | ||
| 080 | |a (438) |2 2001 | ||
| 080 | |a (44) |2 2001 | ||
| 080 | |a (0:82-312.6) |2 2001 | ||
| 100 | 1 | |a Tomaszewski, Mieczysław, |d 1921- | |
| 240 | 1 | 0 | |a Chopin i George Sand. |l Slovensky |
| 245 | 1 | 0 | |a Chopin a George Sand : |b nebola to láska na prvý pohľad / |c Mieczysław Tomaszewski ; [z poľského originálu preložil Peter Čačko]. |
| 250 | |a 1. vyd. | ||
| 260 | |a Bratislava : |b Ikar, |c 2012. | ||
| 300 | |a 183 s. ; |c 20 cm. | ||
| 500 | |a Preklad z poľ. orig. | ||
| 500 | |a Údaj o prekl. prevzatý z rubu | ||
| 600 | 1 | 7 | |a Chopin, Fryderyk, |d 1810-1849 |2 SVKKKMA |
| 610 | 1 | 7 | |a Sand, George, |d 1804-1876 |2 SVKKKKA |
| 650 | 0 | 7 | |a hudobní skladatelia |2 SVKKKPH |
| 650 | 0 | 7 | |a francúzske spisovateľky |2 SVKKKPH |
| 651 | 7 | |a Poľsko |2 SVKKKPH | |
| 651 | 7 | |a Francúzsko |2 SVKKKPH | |
| 655 | 7 | |a poľské romány |2 SVKKKPH | |
| 655 | 7 | |a biografické romány |2 SVKKKPH | |
| 700 | 1 | |a Čačko, Peter |4 trl | |
| 765 | 0 | |t Chopin i George Sand. Slovensky |a Tomaszewski, Mieczysław, 1921- | |
| 910 | |a svkkk | ||
| 919 | |a 978-80-551-3105-4 | ||
| 998 | |a BK | ||
| 090 | |g SCKHL |k Sklad Hlavná 10 prízemie |a III.225146 |j 1042528 |i 2720265480 |s Absenčne | ||